000 00588nam a2200169 i 4500
001 64709
003 ES-MaACL
005 20230906165207.0
007 t|
008 040105s1913 sp ||||1| spa d
245 0 0 _aFormularios para la redacción de los proyectos de carreteras aprobadas por Real Decreto de 30 de marzo de 1903.
260 _aMadrid :
_bRicardo F. de Rojas,
_c1913.
300 _a2 v. ;
_c25 cm.
500 _aPrecede al tít.: Dirección General de Obras Públicas.
710 2 _aEspaña.
_bDirección General de Obras Públicas.
_93763
852 _aES-MaACL
_jF-9901-2
999 _c64709
_d64709